[Event "Reykjavik Open 2026"]
[Site "Reykjavik ISL"]
[Date "2026.03.31"]
[Round "9.91"]
[White "Brackmann, Hendrik"]
[Black "Westcott, Dale"]
[Result "1-0"]
[WhiteElo "2060"]
[BlackElo "1822"]
[WhiteFideId "12905135"]
[BlackFideId "1806017"]
[EventDate "2026.03.25"]

1. e4 c5 2. Nf3 d6 3. d4 cxd4 4. Nxd4 Nf6 5. Nc3 Nc6 6. Bg5 e6 7. Qd3 Be7 8.
O-O-O O-O 9. h4 Bd7 10. Kb1 Rc8 11. Nb3 Nb4 12. Qd4 Nc6 13. Qe3 a6 14. Be2 b5
15. f4 Na5 16. Nxa5 Qxa5 17. e5 b4 18. exf6 Rxc3 19. bxc3 bxc3 20. Ka1 Bxf6 21.
Bxf6 gxf6 22. Rh3 Rc8 23. Qd4 e5 24. Rg3+ Kh8 25. Qxd6 Be6 26. Bc4 exf4 27. Qxf4 1-0

[Event "Reykjavik Open 2026"]
[Site "Reykjavik ISL"]
[Date "2026.03.31"]
[Round "9.92"]
[White "Akhmetov, Kirill"]
[Black "Gilbert, Alistair"]
[Result "1-0"]
[WhiteElo "2028"]
[BlackElo "1820"]
[WhiteFideId "40103412"]
[BlackFideId "343419160"]
[EventDate "2026.03.25"]

1. d4 Nf6 2. c4 c5 3. d5 e5 4. Nc3 d6 5. e4 h5 6. Bd3 Nbd7 7. Nge2 g6 8. Bg5 Be7
9. O-O Ng4 10. Bd2 a6 11. f3 Ngf6 12. Qc2 O-O 13. Rae1 Kg7 14. Qc1 Rh8 15. Rf2
Nh7 16. Ref1 Bg5 17. f4 exf4 18. Nxf4 Ne5 19. Be2 Bg4 20. Bxg4 hxg4 21. Nce2 b5
22. b3 Ra7 23. Qc2 Bh4 24. Ng3 Bxg3 25. hxg3 Re8 26. Bc3 Kg8 27. Nd3 b4 28. Bxe5
dxe5 29. Nxc5 Qg5 30. Qd2 Qh5 31. d6 Ng5 32. d7 Rd8 33. Qd5 1-0

[Event "Reykjavik Open 2026"]
[Site "Reykjavik ISL"]
[Date "2026.03.31"]
[Round "9.93"]
[White "Texe, Eirik"]
[Black "Janssens, Carlo"]
[Result "1-0"]
[WhiteElo "1846"]
[BlackElo "2028"]
[WhiteFideId "1569481"]
[BlackFideId "217492"]
[EventDate "2026.03.25"]

1. e4 c5 2. Nf3 e6 3. d4 cxd4 4. Nxd4 Nc6 5. Nc3 Qc7 6. Be3 a6 7. f4 d6 8. Qf3
Nf6 9. O-O-O Bd7 10. g4 Nxd4 11. Rxd4 Bc6 12. g5 Nd7 13. Bg2 Rc8 14. Qg3 b5 15.
Qf2 Be7 16. f5 e5 17. Nd5 Bxd5 18. Rxd5 f6 19. h4 O-O 20. Rhd1 Qa5 21. Kb1 Rc6
22. g6 Rfc8 23. c3 h6 24. Qd2 Bf8 25. Bf1 Qc7 26. Be2 Rb8 27. Rg1 Nb6 28. Bxb6
Qxb6 29. Rf1 Qc7 30. Rc1 Rbb6 31. Bf1 Be7 32. Be2 Bf8 33. b4 Rb8 34. Kb2 Rcb6
35. Bd1 Kh8 36. Bb3 Rc6 37. Rd3 a5 38. Bd5 Ra6 39. a3 Be7 40. Bb3 Qb6 41. Bd1
Rba8 42. Qe3 Qxe3 43. Rxe3 Kg8 44. Be2 Rb6 45. Rd1 axb4 46. cxb4 Rc8 47. Rc3
Rxc3 48. Kxc3 d5 49. Rxd5 Bd6 50. Bxb5 Kf8 51. Bc4 Ke7 52. Kb3 Kd7 53. b5 Kc7
54. a4 Be7 55. Rd3 Rd6 56. Bd5 Kb6 57. Rc3 Bf8 58. Rc8 Be7 59. Rg8 Kc5 60. Rxg7 1-0

[Event "Reykjavik Open 2026"]
[Site "Reykjavik ISL"]
[Date "2026.03.31"]
[Round "9.94"]
[White "Larsson, Elin"]
[Black "Teeuwen, Jos"]
[Result "0-1"]
[WhiteElo "1815"]
[BlackElo "2024"]
[WhiteFideId "1771787"]
[BlackFideId "1008897"]
[EventDate "2026.03.25"]

1. e4 c5 2. Nf3 e6 3. d4 cxd4 4. Nxd4 Nf6 5. Bd3 Nc6 6. Nxc6 dxc6 7. Be3 e5 8.
h3 Be6 9. Nd2 Be7 10. Qf3 Nd7 11. Qg3 Bf6 12. Nc4 Qc7 13. c3 O-O-O 14. f4 b5 15.
Na3 exf4 16. Bxf4 Ne5 17. Be2 g5 18. Bxe5 Bxe5 19. Qe3 Bg3+ 20. Kf1 Bf4 21. Qf3
Rd2 22. c4 b4 23. Nb1 Rxb2 24. a3 Qe5 25. Bd3 b3 26. a4 Ra2 27. Rxa2 bxa2 0-1

[Event "Reykjavik Open 2026"]
[Site "Reykjavik ISL"]
[Date "2026.03.31"]
[Round "9.95"]
[White "Ardu, Luigi"]
[Black "Thorisson, Benedikt"]
[Result "0-1"]
[WhiteElo "1804"]
[BlackElo "2003"]
[WhiteFideId "811904"]
[BlackFideId "2314576"]
[EventDate "2026.03.25"]

1. Nf3 Nf6 2. g3 d5 3. Bg2 g6 4. O-O Bg7 5. c4 c6 6. d4 O-O 7. cxd5 cxd5 8. Nc3
Ne4 9. Be3 Nc6 10. Nxe4 dxe4 11. Ng5 Nxd4 12. Nxe4 Nf5 13. Qxd8 Rxd8 14. Bf4
Bxb2 15. Rab1 Bd4 16. Rfd1 Be6 17. a4 Bb6 18. Ng5 Ba2 19. Ra1 Rxd1+ 20. Rxd1 Rd8
21. Rxd8+ Bxd8 22. Bxb7 Bb3 23. Bc6 Nd4 24. Bb5 Nxb5 25. axb5 Bc4 26. Be3 Bb6
27. Bxb6 axb6 28. Kf1 Bxb5 29. Ne4 Bc4 30. Nd2 Bd5 31. e4 Bc6 32. f3 f6 33. Ke2
Kf7 34. Nb3 e5 35. Ke3 Ke6 36. Nd2 Kd6 37. h4 Kc5 38. f4 exf4+ 39. Kxf4 Kd4 40.
Nb3+ Kc3 41. Nc1 Bb5 42. Ke3 Kb2 43. Nd3+ Bxd3 44. Kxd3 b5 45. g4 b4 46. g5 fxg5
47. hxg5 Ka2 48. e5 b3 49. Kd4 b2 50. e6 b1=Q 51. Ke5 Qf5+ 52. Kd6 Qxg5 53. e7
Qxe7+ 54. Kxe7 g5 0-1

[Event "Reykjavik Open 2026"]
[Site "Reykjavik ISL"]
[Date "2026.03.31"]
[Round "9.96"]
[White "Bedard, Maxime"]
[Black "Estevez Sacristan, Deva"]
[Result "0-1"]
[BlackTitle "CM"]
[WhiteElo "1768"]
[BlackElo "2001"]
[WhiteFideId "2632896"]
[BlackFideId "32041101"]
[EventDate "2026.03.25"]

1. e4 c5 2. Nc3 Nc6 3. Bb5 Nd4 4. Nf3 a6 5. Bd3 g6 6. Nxd4 cxd4 7. Ne2 Bg7 8. c3
e5 9. O-O Ne7 10. f4 Nc6 11. Qb3 O-O 12. fxe5 Bxe5 13. Bc4 Qe7 14. Bd5 d3 15.
Nf4 Bxf4 16. Rxf4 Ne5 17. Qd1 d6 18. b4 Be6 19. Qb3 Qg5 20. Rf2 Ng4 21. Rf3 Bxd5
22. Qxd5 Qxd5 23. exd5 Rfe8 24. Bb2 Ne5 25. Rf4 b5 26. Raf1 Nc4 27. Bc1 Ra7 28.
R4f3 Ne5 29. Re3 Rc8 30. h3 Kg7 31. Rfe1 Rc4 32. a4 Rac7 33. a5 f5 34. Kf2 h5
35. g3 Kf6 36. Kg2 g5 37. Bb2 f4 38. gxf4 gxf4 39. Re4 Kf5 40. Rxc4 Rxc4 0-1

[Event "Reykjavik Open 2026"]
[Site "Reykjavik ISL"]
[Date "2026.03.31"]
[Round "9.97"]
[White "Akeborg, Jonatan"]
[Black "McCallum, Elliot"]
[Result "0-1"]
[WhiteElo "2000"]
[BlackElo "1812"]
[WhiteFideId "1773089"]
[BlackFideId "2645718"]
[EventDate "2026.03.25"]

1. e4 c5 2. Nf3 Nc6 3. Bb5 g6 4. Bxc6 dxc6 5. d3 Bg7 6. h3 e5 7. Nc3 Qe7 8. Be3
Nf6 9. Qd2 Nd7 10. O-O Nf8 11. Nh2 Ne6 12. Ne2 O-O 13. c3 f5 14. exf5 gxf5 15.
f4 Kh8 16. Rae1 Qd6 17. fxe5 Bxe5 18. Nf3 Bf6 19. Nf4 Nxf4 20. Bxf4 Qd5 21. c4
Qd7 22. Ne5 Qd4+ 23. Kh1 Bd7 24. Bh2 Rae8 25. Rf4 Bg5 26. Rxd4 Bxd2 27. Rxd7
Bxe1 28. Bf4 Kg8 29. Rxb7 Rf6 30. Rxa7 Rfe6 31. Nd7 Bf2 32. a4 Rg6 33. Be5 f4
34. g4 f3 35. Kh2 Bh4 36. g5 f2 37. Nf6+ Rxf6 38. gxf6 Rxe5 0-1

[Event "Reykjavik Open 2026"]
[Site "Reykjavik ISL"]
[Date "2026.03.31"]
[Round "9.98"]
[White "Lonnqvist, Henrik"]
[Black "Gautier, Marc"]
[Result "1-0"]
[WhiteElo "2000"]
[BlackElo "1811"]
[WhiteFideId "505137"]
[BlackFideId "20690657"]
[EventDate "2026.03.25"]

1. d4 d5 2. c4 c6 3. Nc3 Nf6 4. Nf3 a6 5. cxd5 cxd5 6. Bf4 Nc6 7. e3 e6 8. Bd3
Bd6 9. Bg3 O-O 10. Rc1 Qe8 11. Bxd6 1-0

[Event "Reykjavik Open 2026"]
[Site "Reykjavik ISL"]
[Date "2026.03.31"]
[Round "9.99"]
[White "Mehta, Hursh"]
[Black "Grettisson, Arnar Breki"]
[Result "1-0"]
[WhiteElo "2000"]
[BlackElo "1808"]
[WhiteFideId "30961157"]
[BlackFideId "2322790"]
[EventDate "2026.03.25"]

1. Nf3 Nf6 2. d4 g6 3. c4 Bg7 4. Nc3 O-O 5. e4 d6 6. h3 e5 7. d5 a5 8. Bg5 Na6
9. g4 Nc5 10. Nd2 a4 11. Rg1 c6 12. h4 Qb6 13. Rb1 Nfd7 14. b4 axb3 15. axb3 f6
16. Be3 Qb4 17. Qc2 Rf7 18. Na2 Rxa2 19. Qxa2 Nxe4 20. Qc2 Ndc5 21. f3 Nxd2 22.
Bxd2 Qb6 23. Be3 Qb4+ 24. Qd2 Na6 25. dxc6 bxc6 26. h5 c5 27. hxg6 hxg6 28. Bd3
f5 29. gxf5 gxf5 30. Bh6 Kf8 31. Rxg7 Rxg7 32. Ke2 Kf7 33. Bxg7 Qxd2+ 34. Kxd2
Kxg7 35. Rg1+ Kf6 36. Rg8 Bb7 37. Rf8+ Ke7 38. Rh8 Bxf3 39. Bxf5 Bc6 40. Rh6 Nb4
41. Re6+ Kd7 42. Rxe5+ Kc7 43. Re7+ Kb6 44. Be4 d5 45. cxd5 Bxd5 46. Bxd5 Nxd5
47. Re5 Nb4 48. Kc3 Kb5 49. Rh5 Na2+ 50. Kb2 Nb4 51. Rh4 Nd5 52. Re4 Nb4 53. Re8
Nd5 54. Rd8 Nb6 55. Kc3 Kc6 56. Rb8 Kc7 57. Rh8 Kc6 58. Rh4 Kb5 59. Kd3 Nd5 60.
Ke4 Nb4 61. Rh8 Nc6 62. Kd5 Ne7+ 63. Ke6 Nc6 64. Kd6 Kb6 65. Rc8 Na5 66. Rb8+
Nb7+ 67. Rxb7+ Kxb7 68. Kxc5 Ka6 69. b4 Ka7 70. Kc6 1-0

[Event "Reykjavik Open 2026"]
[Site "Reykjavik ISL"]
[Date "2026.03.31"]
[Round "9.100"]
[White "Berezovskii, Arina"]
[Black "Digernes, Mikael"]
[Result "1-0"]
[WhiteTitle "WCM"]
[WhiteElo "1999"]
[BlackElo "1805"]
[WhiteFideId "34449850"]
[BlackFideId "1544225"]
[EventDate "2026.03.25"]

1. e4 c5 2. Nf3 Nc6 3. Bb5 g6 4. Bxc6 dxc6 5. d3 Bg7 6. h3 Nf6 7. Nc3 Qc7 8. Be3
Nd7 9. Qd2 h6 10. O-O e5 11. Nh2 g5 12. Ne2 b6 13. Ng3 Nf8 14. Nh5 Ne6 15. c3
Ba6 16. Rfd1 Rd8 17. Qc2 O-O 18. Nf3 Bh8 19. Ng3 Nf4 20. Bxf4 exf4 21. Nf5 Kh7
22. d4 Bc8 23. e5 Bxf5 24. Qxf5+ Kg8 25. h4 Qd7 26. Qxd7 Rxd7 27. dxc5 Rfd8 28.
Rxd7 Rxd7 29. cxb6 axb6 30. hxg5 hxg5 31. Nxg5 Rd2 32. Rb1 Rc2 33. Nf3 c5 34.
Kf1 Kf8 35. a3 b5 36. Ke1 b4 37. axb4 cxb4 38. cxb4 Rc4 39. Kd2 Rxb4 40. Kc3 Rb8
41. b4 f6 42. exf6 Bxf6+ 43. Kc4 Ke7 44. Re1+ Kd6 45. Re4 Rc8+ 46. Kb3 Rc3+ 47.
Ka4 Rc1 48. Rxf4 Bh8 49. Rf8 Ra1+ 50. Kb5 Bc3 51. Rc8 Bg7 52. Rc2 Kd7 53. Kb6
Bf6 54. b5 Rb1 55. Ka6 Ra1+ 56. Kb7 Rb1 57. Rd2+ Ke8 58. Kc6 Rc1+ 59. Kd5 Be7
60. Ke6 Rc5 61. Rb2 Bd8 62. Ne5 Bb6 63. Nd7 1-0

[Event "Reykjavik Open 2026"]
[Site "Reykjavik ISL"]
[Date "2026.03.31"]
[Round "9.101"]
[White "Kristinsson, Ogmundur"]
[Black "Jarabek, Milan"]
[Result "1-0"]
[WhiteElo "1996"]
[BlackElo "1804"]
[WhiteFideId "2304724"]
[BlackFideId "14928264"]
[EventDate "2026.03.25"]

1. c4 c6 2. d4 d5 3. Nc3 a6 4. e3 Nf6 5. Bd3 dxc4 6. Bxc4 e5 7. dxe5 Qxd1+ 8.
Nxd1 Bb4+ 9. Ke2 Ng4 10. Nf3 b5 11. a3 Ba5 12. h3 Nxf2 13. Bxf7+ Kxf7 14. Nxf2
Re8 15. b4 Bc7 16. Bb2 Be6 17. Ng5+ Kg8 18. Nxe6 Rxe6 19. Nd3 Nd7 20. Rac1 Bxe5
21. Nxe5 Nxe5 22. Bxe5 Rxe5 23. Rxc6 Rae8 24. Rc3 h5 25. Rf1 R8e6 26. g4 hxg4
27. hxg4 Kh7 28. Rf5 Re4 29. Kf3 Kg6 30. Rd3 Rc4 31. Rfd5 Rc1 32. Rd6 Kf6 33.
R3d5 Rc3 34. Rd3 Rc1 35. Rd7 Rf1+ 36. Kg2 Ra1 37. Kf2 Ra2+ 38. Kf3 Ra1 39. R3d6
g5 40. Rd3 Rf1+ 41. Kg2 Re1 42. Kf2 Ra1 43. R7d6 Ra2+ 44. Kf3 Ra1 45. Rxe6+ Kxe6
46. Rc3 Ke7 47. Ke4 Rg1 48. Kf5 Re1 49. Kxg5 Kd6 50. Kg6 Ke5 51. g5 Ke6 52. Kg7
Ke7 53. g6 Re2 54. Kg8 Ke8 55. g7 Rh2 56. Rc8+ Ke7 57. Rc5 Rh3 58. Re5+ Kf6 59.
Re4 Rg3 60. Rf4+ Ke7 61. Rh4 Kf6 62. Rh6+ Ke7 63. Rxa6 Rxe3 64. Kh7 1-0

[Event "Reykjavik Open 2026"]
[Site "Reykjavik ISL"]
[Date "2026.03.31"]
[Round "9.102"]
[White "Bjarnason, Snorri Vikanes"]
[Black "Vega, Isaac"]
[Result "0-1"]
[WhiteElo "1988"]
[BlackElo "1803"]
[WhiteFideId "1539833"]
[BlackFideId "30914035"]
[EventDate "2026.03.25"]

1. c4 Nf6 2. g3 e6 3. Nf3 d5 4. d4 Bb4+ 5. Bd2 Be7 6. Bg2 O-O 7. O-O Nbd7 8. Qc2
c6 9. b3 b6 10. Nc3 a5 11. e4 dxc4 12. bxc4 Ba6 13. e5 Ne8 14. Ne4 h6 15. Rfd1
f5 16. exf6 Nexf6 17. Rac1 c5 18. Bf4 Qc8 19. Bh3 Qc6 20. d5 exd5 21. cxd5 Nxd5
22. Rxd5 Qxd5 23. Rd1 Qh5 24. Be6+ Kh8 25. Rxd7 Qxf3 26. Rxe7 Bd3 27. Nd2 Qxf4
28. Qxd3 Qxf2+ 29. Kh1 Qe1+ 30. Kg2 Rf2+ 31. Kh3 Qxd2 32. Qe4 Rxh2+ 33. Kg4 Qg5+
34. Kf3 0-1

[Event "Reykjavik Open 2026"]
[Site "Reykjavik ISL"]
[Date "2026.03.31"]
[Round "9.103"]
[White "Burgert, Conrad"]
[Black "Finke, Kelvin"]
[Result "0-1"]
[WhiteElo "1783"]
[BlackElo "1986"]
[WhiteFideId "30965047"]
[BlackFideId "3205495"]
[EventDate "2026.03.25"]

1. d4 d5 2. c4 c6 3. cxd5 cxd5 4. Nc3 Nf6 5. Nf3 Nc6 6. Bf4 a6 7. e3 Bg4 8. Be2
e6 9. O-O Bd6 10. Bxd6 Qxd6 11. h3 Bh5 12. Na4 Nd7 13. Rc1 O-O 14. Bd3 f5 15.
Nc5 Nxc5 16. dxc5 Qe7 17. Be2 Bxf3 18. Bxf3 Rac8 19. Be2 Rc7 20. a3 Qh4 21. Qd2
g5 22. Kh2 g4 23. f3 gxh3 24. gxh3 Rg7 25. Rg1 Qf2+ 26. Kh1 Rf6 27. Rxg7+ Kxg7
28. Rf1 Qh4 29. Kh2 Rg6 30. Qe1 Qf6 31. Qc1 d4 32. f4 dxe3 33. Bh5 Rh6 34. Be8
Qd4 35. b4 e2 36. Rg1+ Kf8 37. Bxc6 bxc6 38. Rg2 e1=R 39. Qxe1 Qxf4+ 40. Qg3
Qxg3+ 41. Rxg3 Rg6 42. Rd3 Ke7 43. a4 e5 44. b5 cxb5 45. axb5 axb5 46. Rd5 Rc6
47. Rxe5+ Kf6 48. Re8 Rxc5 49. Rb8 Ke5 50. Kg3 Ke4 51. h4 h5 52. Rb7 Re5 53. Rh7
Ke3 54. Ra7 f4+ 55. Kg2 b4 56. Rb7 Re4 57. Rb8 f3+ 58. Kf1 Rxh4 59. Re8+ Re4 60.
Rb8 h4 61. Kg1 Ke2 62. Rc8 b3 63. Rc1 b2 64. Rb1 f2+ 65. Kh2 Rb4 0-1

[Event "Reykjavik Open 2026"]
[Site "Reykjavik ISL"]
[Date "2026.03.31"]
[Round "9.104"]
[White "Eiriksson, Theodor"]
[Black "Oelschlaeger, Lennart"]
[Result "1-0"]
[WhiteElo "1761"]
[BlackElo "1984"]
[WhiteFideId "2322277"]
[BlackFideId "12996807"]
[EventDate "2026.03.25"]

1. d4 d5 2. Nc3 Nf6 3. Bf4 c5 4. e4 Nxe4 5. Nxe4 dxe4 6. dxc5 Qxd1+ 7. Rxd1 Bd7
8. Ne2 Nc6 9. c3 e5 10. Be3 a5 11. Ng3 f5 12. Rxd7 Kxd7 13. Nxf5 Rd8 14. Bc4 Kc7
15. Ng3 Be7 16. Nxe4 h6 17. Ke2 Rhf8 18. Bb3 Nb8 19. Bc4 Nd7 20. Rd1 Nf6 21.
Nxf6 Bxf6 22. Bd5 Be7 23. f3 Rd7 24. c4 Bg5 25. Rd3 Bxe3 26. Rxe3 Re7 27. Rb3
Kc8 28. Rb5 Rf4 29. Be4 g5 30. g3 Rf6 31. Rxa5 h5 32. h3 h4 33. g4 Kc7 34. Ra8
Ra6 35. Rxa6 bxa6 36. b4 Rd7 37. Bd5 Rd8 38. Ke3 e4 39. Kxe4 Rf8 40. b5 axb5 41.
cxb5 Rf4+ 42. Ke5 Kd7 43. Be4 Kc7 44. a4 Kb8 45. a5 Ka7 46. c6 Ka8 47. c7+ Ka7
48. b6+ Ka6 49. c8=Q+ Kb5 50. b7 1-0

[Event "Reykjavik Open 2026"]
[Site "Reykjavik ISL"]
[Date "2026.03.31"]
[Round "9.105"]
[White "Magnusdottir, Veronika Steinunn"]
[Black "Jensen, Stein"]
[Result "0-1"]
[BlackTitle "FM"]
[WhiteElo "1711"]
[BlackElo "1982"]
[WhiteFideId "2309114"]
[BlackFideId "1500724"]
[EventDate "2026.03.25"]

1. e4 g6 2. d4 Bg7 3. Nc3 d6 4. f4 e6 5. Nf3 Ne7 6. Be3 a6 7. Qd2 b5 8. g4 h5 9.
gxh5 Rxh5 10. Bd3 Bb7 11. O-O-O Nd7 12. Ng5 Nf8 13. Rhf1 f6 14. Nf3 Qd7 15. e5
f5 16. Ng5 Nh7 17. Nf3 O-O-O 18. Be2 Rh3 19. Kb1 b4 20. Ng1 bxc3 21. Qxc3 Nd5
22. Qa5 Rxe3 23. Bxa6 Qc6 24. Bxb7+ Qxb7 25. Rd3 Rxd3 26. cxd3 Qb6 27. Qa8+ Kd7
28. Qa4+ Ke7 29. Qa3 Qb4 30. Qa7 Rb8 31. exd6+ Kxd6 32. Rf2 Bxd4 33. Qa6+ Rb6
34. Qc8 0-1

[Event "Reykjavik Open 2026"]
[Site "Reykjavik ISL"]
[Date "2026.03.31"]
[Round "9.106"]
[White "Homer, Stephen J"]
[Black "Bock, Dan"]
[Result "1-0"]
[WhiteElo "1979"]
[BlackElo "1751"]
[WhiteFideId "410322"]
[BlackFideId "39915433"]
[EventDate "2026.03.25"]

1. e4 c5 2. Nf3 d6 3. d4 cxd4 4. Nxd4 Nf6 5. Nc3 a6 6. Bd3 e5 7. Nde2 Be7 8. O-O
O-O 9. Ng3 Nc6 10. a3 Be6 11. Nd5 b5 12. f4 Bg4 13. Nxf6+ Bxf6 14. Qxg4 exf4 15.
Qxf4 Rc8 16. Nf5 Ne5 17. Nh6+ Kh8 18. Nf5 Re8 19. Rb1 Qc7 20. Ne3 Qc5 21. Kh1 a5
22. Nd5 Bd8 23. Be3 Qc6 24. Bd4 f6 25. Bxe5 dxe5 26. Qe3 b4 27. axb4 axb4 28.
Nxb4 Qe6 29. Qh3 1-0

[Event "Reykjavik Open 2026"]
[Site "Reykjavik ISL"]
[Date "2026.03.31"]
[Round "9.107"]
[White "Zuiderweg, Edwin"]
[Black "Muhr, Andreas"]
[Result "1-0"]
[WhiteElo "1977"]
[BlackElo "1740"]
[WhiteFideId "1012207"]
[BlackFideId "1619683"]
[EventDate "2026.03.25"]

1. e4 d5 2. exd5 Nf6 3. Nf3 Nxd5 4. d4 Bf5 5. a3 c5 6. dxc5 Qa5+ 7. b4 Nxb4 8.
Bd2 Nxc2+ 9. Qxc2 Bxc2 10. Bxa5 Nc6 11. Bb5 a6 12. Bxc6+ bxc6 13. O-O e6 14. Bb6
g6 15. Nd4 Be4 16. Nc3 Bg7 17. Nxe4 Bxd4 18. Nd6+ Kf8 19. Rad1 e5 20. Kh1 Kg7
21. f4 f6 22. fxe5 Bxe5 23. Nc4 Rhe8 24. Rd7+ Kh6 25. g3 Re6 26. Nxe5 fxe5 27.
Rff7 e4 28. Rxh7+ Kg5 29. Rdf7 e3 30. Rf4 e2 31. h4# 1-0

[Event "Reykjavik Open 2026"]
[Site "Reykjavik ISL"]
[Date "2026.03.31"]
[Round "9.108"]
[White "Vitale, Romualdo"]
[Black "Jonsson, Thormar"]
[Result "1-0"]
[WhiteElo "1975"]
[BlackElo "1719"]
[WhiteFideId "862134"]
[BlackFideId "2309327"]
[EventDate "2026.03.25"]

1. d4 f5 2. Nc3 Nf6 3. Bg5 e6 4. e4 fxe4 5. Nxe4 Be7 6. Bxf6 Bxf6 7. Qh5+ g6 8.
Qh6 Kf7 9. Nf3 d6 10. O-O-O Bg7 11. Nfg5+ Kg8 12. Qh3 Qe7 13. d5 h6 14. Nxe6
Bxe6 15. dxe6 Nc6 16. Nc3 Bxc3 17. Qxc3 Kh7 18. Bc4 Rhf8 19. Qd2 Rf6 20. f4 Re8
21. g4 Ref8 22. Rhf1 Kg7 23. Rde1 Kh7 24. h4 Kg7 25. Qc3 Kh7 26. Qd2 Kg7 27. Re2
Kh7 28. Rh2 Kg7 29. Rhf2 Nd8 30. f5 c6 31. Qc3 Kg8 32. Qa3 Kg7 33. Qxa7 c5 34.
Bd5 gxf5 35. gxf5 h5 36. Qa3 1-0

[Event "Reykjavik Open 2026"]
[Site "Reykjavik ISL"]
[Date "2026.03.31"]
[Round "9.109"]
[White "Ragnarsson, Johann"]
[Black "Gulyas Adam Ferenc"]
[Result "1-0"]
[WhiteElo "1967"]
[BlackElo "1705"]
[WhiteFideId "2301040"]
[BlackFideId "2330059"]
[EventDate "2026.03.25"]

1. d4 Nf6 2. c4 g6 3. Nc3 d5 4. Bf4 Bg7 5. Nf3 c5 6. dxc5 Qa5 7. Rc1 dxc4 8. e3
O-O 9. Bxc4 Nbd7 10. O-O Nxc5 11. Nb5 Be6 12. Be2 Nce4 13. a3 Rfd8 14. Nfd4 Nd5
15. b4 Qb6 16. Bc7 Nxc7 17. Nxc7 Rab8 18. Ncxe6 fxe6 19. Bd3 Bxd4 20. exd4 Rxd4
21. Qe2 Nf6 22. Rc5 Rbd8 23. Bc4 Nd5 24. Qe5 Nf4 25. g3 Nd3 26. Bxe6+ Qxe6 27.
Qxe6+ Kf8 1-0

[Event "Reykjavik Open 2026"]
[Site "Reykjavik ISL"]
[Date "2026.03.31"]
[Round "9.110"]
[White "Tran, Anh Hai"]
[Black "Berg, Kurt Magnus"]
[Result "0-1"]
[WhiteElo "1705"]
[BlackElo "1966"]
[WhiteFideId "2334259"]
[BlackFideId "1507389"]
[EventDate "2026.03.25"]

1. Nf3 f5 2. g3 Nf6 3. Bg2 e6 4. O-O Be7 5. c4 O-O 6. Nc3 d6 7. d4 Ne4 8. Qc2
Nxc3 9. Qxc3 a5 10. b3 Bf6 11. Bb2 Nc6 12. Qd2 e5 13. dxe5 dxe5 14. Qd5+ Kh8 15.
e4 Qe8 16. exf5 e4 17. Nd4 Nb4 18. Qxe4 c5 19. a3 Nc6 20. Qxe8 Rxe8 21. Nxc6
Bxb2 22. Ra2 Bf6 23. g4 Bd7 24. Nxa5 Rxa5 25. Bxb7 Rb8 26. Bd5 Rxb3 27. Be6 Bc6
28. Rd2 h5 29. Rd6 Bf3 30. gxh5 Rbxa3 31. Bd5 Bxh5 32. Kg2 Ra1 33. Rxa1 Rxa1 34.
Rc6 Bd4 35. Rc8+ Kh7 36. Bg8+ Kh6 37. h4 g6 38. Bf7 Ra2 39. fxg6 Rxf2+ 40. Kg3
Bxg6 41. Bd5 Bf7 42. Rh8+ Bxh8 43. Kxf2 Bxd5 44. cxd5 Be5 45. Ke3 Kh5 46. Ke4
Bd6 47. Kf5 Kxh4 48. Ke6 c4 49. Kxd6 c3 50. Ke7 c2 51. d6 c1=Q 52. d7 Qc7 53.
Ke8 Qe5+ 54. Kf8 Qf6+ 55. Ke8 Qe6+ 56. Kd8 Kg5 57. Kc7 Qe7 58. Kc8 Qc5+ 59. Kb8
Qd6+ 60. Kc8 Qc6+ 61. Kd8 Kf6 0-1

[Event "Reykjavik Open 2026"]
[Site "Reykjavik ISL"]
[Date "2026.03.31"]
[Round "9.111"]
[White "Scotti, Martin"]
[Black "Renaud, Jacques"]
[Result "1-0"]
[WhiteElo "1943"]
[BlackElo "1704"]
[WhiteFideId "551035065"]
[BlackFideId "651088797"]
[EventDate "2026.03.25"]

1. d4 d5 2. c4 Nc6 3. Nc3 Nf6 4. Nf3 Bf5 5. Bf4 a6 6. e3 e6 7. Be2 Bd6 8. Bg5 h6
9. Bxf6 gxf6 10. cxd5 Nb4 11. e4 1-0

[Event "Reykjavik Open 2026"]
[Site "Reykjavik ISL"]
[Date "2026.03.31"]
[Round "9.112"]
[White "Austin, Freya"]
[Black "Carey, Michael"]
[Result "1/2-1/2"]
[WhiteElo "1708"]
[BlackElo "1929"]
[WhiteFideId "39932079"]
[BlackFideId "30923760"]
[EventDate "2026.03.25"]

1. e4 c5 2. c3 Nf6 3. e5 Nd5 4. Nf3 d6 5. exd6 e6 6. g3 Bxd6 7. Bg2 Nc6 8. O-O
O-O 9. d4 cxd4 10. Nxd4 Nxd4 11. Qxd4 Qc7 12. Rd1 Bc5 13. Qd2 Bd7 14. c4 Nf6 15.
Qe2 Bc6 16. Bf4 Qc8 17. Nc3 Bxg2 18. Kxg2 Qc6+ 19. Qf3 Qxf3+ 20. Kxf3 Rfd8 21.
Bc7 Rdc8 22. Be5 Rd8 23. Bxf6 gxf6 24. Ne4 Be7 25. Nc3 f5 26. Rxd8+ Rxd8 27. Rd1
Rxd1 28. Nxd1 Bf6 29. b3 Kf8 30. Ne3 Ke7 31. Ke2 Kd6 32. Kd3 a5 33. f4 Bd8 34.
Nc2 h5 35. Nd4 h4 36. Nb5+ Kc5 37. a3 h3 38. Nc3 Kd6 39. Nb5+ Kc5 40. Nd4 Bb6
41. Nf3 Kd6 42. b4 axb4 43. axb4 Bf2 44. Ke2 Ba7 45. c5+ Kd5 46. Kd3 b6 47. c6
Kxc6 48. Ne5+ Kd5 49. b5 Bb8 50. Nxf7 Kc5 51. Ng5 e5 52. fxe5 Bxe5 53. Nxh3 Kxb5
54. Ng5 Kb4 55. Nf3 Bf6 56. Nd4 b5 57. Nxf5 Kb3 58. Ne3 Be5 59. Ke4 Bg7 60. Nd5
Kc4 61. g4 b4 62. Nxb4 Kxb4 63. h4 Kc5 64. Kf5 Kd6 65. Kg6 Bc3 66. h5 Ke7 67. g5
Bd2 68. h6 Bxg5 69. Kxg5 Kf7 1/2-1/2

[Event "Reykjavik Open 2026"]
[Site "Reykjavik ISL"]
[Date "2026.03.31"]
[Round "9.113"]
[White "Broihier, Ian"]
[Black "Olszewski, Milosz Ulfur"]
[Result "1-0"]
[WhiteElo "1922"]
[BlackElo "1646"]
[WhiteFideId "39902773"]
[BlackFideId "2330199"]
[EventDate "2026.03.25"]

1. e4 e6 2. d4 d5 3. Nd2 Nf6 4. e5 Nfd7 5. Bd3 c5 6. c3 Nc6 7. Ngf3 Qb6 8. O-O
cxd4 9. cxd4 Nxd4 10. Nxd4 Qxd4 11. Nf3 Qb6 12. Qa4 Be7 13. Qg4 Kf8 14. a3 f6
15. Be3 Qb3 16. exf6 Nxf6 17. Qd4 Bd6 18. Rfe1 Bd7 19. Rad1 Ke7 20. Bf4 Qb6 21.
Bxd6+ Qxd6 22. Ng5 g6 23. Re3 Qb6 24. Qh4 h6 25. Nxe6 Bxe6 26. Bxg6 Rac8 27. Bf5
Rc6 28. Rde1 Qxe3 29. fxe3 Bxf5 30. Qb4+ Rd6 31. Rf1 a5 32. Qxa5 Be4 33. Qb4 Rd8
34. Qxb7+ R8d7 35. Qb8 d4 36. exd4 Rxd4 37. Qe5+ Kd8 38. Qxf6+ Kc7 39. Qe5+ Kb7
40. Qb5+ Kc7 41. Qe5+ Kb7 42. h4 Bc6 43. Rf4 Rd1+ 44. Kh2 R7d2 45. Rb4+ Kc8 46.
Rb8+ Kd7 47. Qg7+ Ke6 48. Qxh6+ Ke7 49. Qxc6 1-0